Statistics for Highest-Grossing Films of 2021

Click here to take the quiz!

General Stats

  • This quiz has been taken 324 times
  • The average score is 4 of 10

Answer Stats

RankDirector(s)ActorGrossFilm% Correct
1Jon WattsTom Holland$1,744,382,215Spider-Man: No Way Home
91%
4Cary Joji FukunagaDaniel Craig$774,153,007No Time to Die
71%
9Destin Daniel CrettonSimu Liu$432,233,010Shang-Chi and the Legend of the Ten Rings
62%
10Chloé ZhaoGemma Chan$402,053,696Eternals
53%
7Andy SerkisTom Hardy$502,050,366Venom: Let There Be Carnage
50%
5Justin LinVin Diesel$726,229,501F9
23%
8Adam WingardAlexander Skarsgård$468,216,094Godzilla vs. Kong
8%
2
Kaige Chen, Dante Lam, Hark Tsui
Jing Wu$913,540,914The Battle at Lake Changjin
5%
6Sicheng ChenBaoqiang Wang$706,084,069Detective Chinatown 3
4%
3Ling JiaLing Jia$841,674,419Hi, Mom
4%

Score Distribution

Percentile by Number Answered

Percent of People with Each Score

Your Score History

You have not taken this quiz